banner-ar

تاريخ الترك فى اسيا الوسطى / (Record no. 49332)

MARC details
000 -الفاتح
حقل البيانات ثابتة الطول 00447nam a2200145Ia 4500
008 - عناصر البيانات ثابتة الطول - معلومات عامة
حقل البيانات ثابتة الطول 140319s9999 xx 000 0 ara d
040 ## - مصدر الفهرسة
وكالة الفهرسة الأصلية GCL /
وكالة النسخ GCL
082 04 - رقم تصنيف ديوى العشرى
رقم التصنيف 956.1
رقم المادة ب ت
100 1# - المدخل الرئيسى - إسم شخصى
الإسم الشخصى احمد السعيد سليمان
245 10 - بيان العنوان
العنوان تاريخ الترك فى اسيا الوسطى /
بيان المسئوليه,etc احمد السعيد سليمان
700 1# - المدخل الاضافى - اسم شخصى
الإسم الشخصى بارتولد، و
300 ## - الوصف المادى
التعداد 279 ص
490 ## - بيان السلسلة
عنوان السلسلة الالف كتاب الثانى
رقم المجلد/ التعيين التسلسلي 0
Holdings
حالة التراجع حالة الفقد حالة تلف ليس للاعارة المكان المؤقت الموقع الحالى تاريخ الاكتساب اجمالي اﻻعارات رقم الطلب الباركود تاريخ اخر مشاهدة تاريخ تفعيل السعر نوع وعاء كوها
        مكتبة القاهرة الكبرى مكتبة القاهرة الكبرى 03/26/2014   956.1\ب ت 118570 03/26/2014 03/26/2014 كتاب
        مكتبة القاهرة الكبرى مكتبة القاهرة الكبرى 03/26/2014   956.1\ب ت 118571 03/26/2014 03/26/2014 كتاب
        مكتبة القاهرة الكبرى مكتبة القاهرة الكبرى 03/26/2014   956.1\ب ت 118572 03/26/2014 03/26/2014 كتاب

Powered By

EGPV